| 000 | 00592nam a2200205Ia 4500 | ||
|---|---|---|---|
| 008 | 140321s9999 xx 000 0 und d | ||
| 020 | _a9789814352758 | ||
| 050 |
_aTK 5105.888 _b.V872 2012 |
||
| 100 | _aVodnik, Sasha | ||
| 245 |
_aHTML5 and CSS3 : _bIntroductory / _cSasha Vodnik. |
||
| 260 |
_aPhilippines : _bCengage Learning, _cc2012. |
||
| 300 |
_a235 p. : _bill. ; _c26 cm. |
||
| 500 | _aIncludes index. | ||
| 521 | _aIT | ||
| 650 | _aCascading style sheets. | ||
| 650 | _aHTML (Document markup language) | ||
| 650 |
_aWeb sites _xDesign. |
||
| 942 |
_kFOR _cBK |
||
| 999 |
_c48295 _d48295 |
||